Muir's Textbook of pathology (Record no. 232)
[ view plain ]
| 000 -LEADER | |
|---|---|
| fixed length control field | 00541nam a2200205 4500 |
| 003 - CONTROL NUMBER IDENTIFIER | |
| control field | OSt |
| 005 - DATE AND TIME OF LATEST TRANSACTION | |
| control field | 20210414155839.0 |
| 008 - FIXED-LENGTH DATA ELEMENTS--GENERAL INFORMATION | |
| fixed length control field | 140716b xxu||||| |||| 00| 0 eng d |
| 020 ## - INTERNATIONAL STANDARD BOOK NUMBER | |
| International Standard Book Number | 9780340810248 |
| 040 ## - CATALOGING SOURCE | |
| Transcribing agency | 040a |
| 082 ## - DEWEY DECIMAL CLASSIFICATION NUMBER | |
| Classification number | QZ4 M896d 2008 |
| 100 ## - MAIN ENTRY--PERSONAL NAME | |
| Personal name | Edited by David, A.Levison; [et..al] |
| 9 (RLIN) | 14101 |
| 245 ## - TITLE STATEMENT | |
| Title | Muir's Textbook of pathology |
| 250 ## - EDITION STATEMENT | |
| Edition statement | 14th.ed. |
| 260 ## - PUBLICATION, DISTRIBUTION, ETC. (IMPRINT) | |
| Place of publication, distribution, etc. | United Kingdom |
| Name of publisher, distributor, etc. | BookPower |
| Date of publication, distribution, etc. | 2008 |
| 300 ## - PHYSICAL DESCRIPTION | |
| Extent | x, 570p ; |
| Other physical details | col.ill: |
| Dimensions | 26cm . |
| 504 ## - BIBLIOGRAPHY, ETC. NOTE | |
| Bibliography, etc | includes index |
| 650 ## - SUBJECT ADDED ENTRY--TOPICAL TERM | |
| Topical term or geographic name as entry element | Pathology |
| 9 (RLIN) | 37 |
| 942 ## - ADDED ENTRY ELEMENTS (KOHA) | |
| Source of classification or shelving scheme | Other/Generic Classification Scheme |
| Koha item type | Book Bank |
| Withdrawn status | Lost status | Source of classification or shelving scheme | Damaged status | Not for loan | Home library | Current library | Date acquired | Source of acquisition | Inventory number | Total Checkouts | Full call number | Barcode | Date last seen | Price effective from | Koha item type | Date last checked out |
|---|---|---|---|---|---|---|---|---|---|---|---|---|---|---|---|---|
| Other/Generic Classification Scheme | MUST Main Library | MUST Main Library | 16/07/2014 | 2011/33301 | QZ 4 M896d 2008 | 2014-0834 | 16/07/2014 | 16/07/2014 | Book Bank | |||||||
| Other/Generic Classification Scheme | MUST Main Library | MUST Main Library | 16/07/2014 | 2011/33315 | QZ 4 M896d 2008 | 2014-0835 | 16/07/2014 | 16/07/2014 | Book Bank | |||||||
| Other/Generic Classification Scheme | MUST Main Library | MUST Main Library | 16/07/2014 | 2011/33314 | QZ 4 M896d 2008 | 2014-0836 | 16/07/2014 | 16/07/2014 | Book Bank | |||||||
| Other/Generic Classification Scheme | MUST Main Library | MUST Main Library | 16/07/2014 | 2011/33313 | QZ 4 M896d 2008 | 2014-0847 | 16/07/2014 | 16/07/2014 | Book Bank | |||||||
| Other/Generic Classification Scheme | MUST Main Library | MUST Main Library | 16/07/2014 | 2011/33319 | QZ 4 M896d 2008 | 2014-0848 | 16/07/2014 | 16/07/2014 | Book Bank | |||||||
| Other/Generic Classification Scheme | MUST Main Library | MUST Main Library | 16/07/2014 | 2011/33318 | QZ 4 M896d 2008 | 2014-0849 | 16/07/2014 | 16/07/2014 | Book Bank | |||||||
| Other/Generic Classification Scheme | MUST Main Library | MUST Main Library | 16/07/2014 | 2011/33300 | QZ 4 M896d 2008 | 2014-0850 | 16/07/2014 | 16/07/2014 | Book Bank | |||||||
| Other/Generic Classification Scheme | MUST Main Library | MUST Main Library | 16/07/2014 | 2011/33309 | 2 | QZ 4 M896d 2008 | 2014-0851 | 28/05/2021 | 16/07/2014 | Book Bank | 14/04/2021 | |||||
| Other/Generic Classification Scheme | MUST Main Library | MUST Main Library | 16/07/2014 | 104 | QZ 4 M896d 2008 | 2014-0852 | 16/07/2014 | 16/07/2014 | Book Bank | |||||||
| Other/Generic Classification Scheme | MUST Main Library | MUST Main Library | 16/07/2014 | 2011/33324 | QZ 4 M896d 2008 | 2014-0858 | 16/07/2014 | 16/07/2014 | Book Bank | |||||||
| Other/Generic Classification Scheme | MUST Main Library | MUST Main Library | 16/07/2014 | 2011/33299 | QZ 4 M896d 2008 | 2014-0859 | 16/07/2014 | 16/07/2014 | Book Bank | |||||||
| Other/Generic Classification Scheme | MUST Main Library | MUST Main Library | 16/07/2014 | 2011/33316 | QZ 4 M896d 2008 | 2014-0860 | 16/07/2014 | 16/07/2014 | Book Bank | |||||||
| Other/Generic Classification Scheme | MUST Main Library | MUST Main Library | 16/07/2014 | 2011/33305 | QZ 4 M896d 2008 | 2014-0861 | 16/07/2014 | 16/07/2014 | Book Bank | |||||||
| Other/Generic Classification Scheme | MUST Main Library | MUST Main Library | 16/07/2014 | 2011/33310 | QZ 4 M896d 2008 | 2014-0862 | 16/07/2014 | 16/07/2014 | Book Bank | |||||||
| Other/Generic Classification Scheme | MUST Main Library | MUST Main Library | 16/07/2014 | 2011/3321 | 1 | QZ 4 M896d 2008 | 2014-0863 | 14/05/2021 | 16/07/2014 | Book Bank | 25/03/2021 | |||||
| Other/Generic Classification Scheme | MUST Main Library | MUST Main Library | 16/07/2014 | 2011/33322 | QZ 4 M896d 2008 | 2014-0864 | 16/07/2014 | 16/07/2014 | Book Bank | |||||||
| Other/Generic Classification Scheme | MUST Main Library | MUST Main Library | 16/07/2014 | 2011/33320 | QZ 4 M896d 2008 | 2014-0865 | 16/07/2014 | 16/07/2014 | Book Bank | |||||||
| Other/Generic Classification Scheme | MUST Main Library | MUST Main Library | 16/07/2014 | 2011/33306 | QZ 4 M896d 2008 | 2014-0866 | 16/07/2014 | 16/07/2014 | Book Bank | |||||||
| Other/Generic Classification Scheme | MUST Main Library | MUST Main Library | 16/07/2014 | 2011/33312 | QZ 4 M896d 2008 | 2014-0867 | 16/07/2014 | 16/07/2014 | Book Bank | |||||||
| Other/Generic Classification Scheme | MUST Main Library | MUST Main Library | 16/07/2014 | 2011/33302 | QZ 4 M896d 2008 | 2014-0868 | 16/07/2014 | 16/07/2014 | Book Bank | |||||||
| Other/Generic Classification Scheme | MUST Main Library | MUST Main Library | 16/07/2014 | 2011/33307 | QZ 4 M896d 2008 | 2014-0869 | 16/07/2014 | 16/07/2014 | Book Bank | |||||||
| Other/Generic Classification Scheme | MUST Main Library | MUST Main Library | 16/07/2014 | 2011/33328 | QZ 4 M896d 2008 | 2014-0870 | 16/07/2014 | 16/07/2014 | Book Bank | |||||||
| Other/Generic Classification Scheme | MUST Main Library | MUST Main Library | 16/07/2014 | 2011/33303 | QZ 4 M896d 2008 | 2014-0871 | 16/07/2014 | 16/07/2014 | Book Bank | |||||||
| Other/Generic Classification Scheme | MUST Main Library | MUST Main Library | 16/07/2014 | 2011/33304 | QZ 4 M896d 2008 | 2014-0872 | 16/07/2014 | 16/07/2014 | Book Bank | |||||||
| Other/Generic Classification Scheme | MUST Main Library | MUST Main Library | 16/07/2014 | 2011/33308 | QZ 4 M896d 2008 | 2014-0873 | 16/07/2014 | 16/07/2014 | Book Bank | |||||||
| Other/Generic Classification Scheme | MUST Main Library | MUST Main Library | 16/07/2014 | 2011/33327 | QZ 4 M896d 2008 | 2014-0874 | 16/07/2014 | 16/07/2014 | Book Bank | |||||||
| Other/Generic Classification Scheme | MUST Main Library | MUST Main Library | 16/07/2014 | 2011/33326 | QZ 4 M896d 2008 | 2014-0875 | 16/07/2014 | 16/07/2014 | Book Bank | |||||||
| Other/Generic Classification Scheme | MUST Main Library | MUST Main Library | 16/07/2014 | 2011/33311 | QZ 4 M896d 2008 | 2014-0876 | 16/07/2014 | 16/07/2014 | Book Bank | |||||||
| Other/Generic Classification Scheme | MUST Main Library | MUST Main Library | 16/07/2014 | 2011/33325 | QZ 4 M896d 2008 | 2014-0877 | 16/07/2014 | 16/07/2014 | Book Bank | |||||||
| Other/Generic Classification Scheme | MUST Main Library | MUST Main Library | 16/07/2014 | 2011/33323 | QZ 4 M896d 2008 | 2014-0878 | 16/07/2014 | 16/07/2014 | Book Bank | |||||||
| Other/Generic Classification Scheme | MUST Main Library | MUST Main Library | 07/11/2014 | 2011/34802 | QZ 4 M896d 2008 | 2014-3340 | 07/11/2014 | 07/11/2014 | Short Loan | |||||||
| Other/Generic Classification Scheme | MUST Main Library | MUST Main Library | 31/01/2018 | 2016/39904 | QZ 4 M896d 2008 | 2018-0073 | 02/12/2019 | 31/01/2018 | Book Bank |
